000 00352nam a2200133Ia 4500
008 151001s9999||||xx |||||||||||||| ||und||
100 _aयु म पठाण
245 _aरेशीम बंध
250 _a1
260 _bशब्द प्रकाशन सातारा
260 _c2000
300 _a128
365 _b21
999 _c978349
_d978346